[Event "WLS-ch Minor"]
[Site "Cardiff"]
[Date "2017.04.17"]
[Round "7"]
[White "Davies, Gareth"]
[Black "Farhadi, Mohammed"]
[Result "1/2-1/2"]
[WhiteElo "1340"]
[BlackElo "1261"]
[PlyCount "65"]
[EventDate "2017.04.14"]
[EventType "swiss"]
[EventRounds "7"]
[EventCountry "WLS"]
[SourceTitle "EXT 2022"]
[Source "ChessBase"]
[SourceDate "2021.10.06"]
[SourceVersion "1"]
[SourceVersionDate "2021.10.06"]
[SourceQuality "1"]

1. d4 Nf6 2. Nf3 d5 3. Bf4 Bf5 4. e3 a6 5. c3 Nc6 6. Bd3 Qd7 7. Qc2 Ne4 8. Nbd2 Qe6 9. 0-0 Rc8 10. Rac1 h6 11. c4 Na5 12. Qa4+ Nc6 13. cxd5 Qxd5 14. Qc4 Qxc4 15. Bxc4 e6 16. a3 Bd6 17. Bxd6 cxd6 18. Nxe4 Bxe4 19. Nd2 Bf5 20. Be2 d5 21. Rc3 0-0 22. Rfc1 e5 23. dxe5 Nxe5 24. Rxc8 Rxc8 25. Rxc8+ Bxc8 26. Nf3 Nc4 27. Bxc4 dxc4 28. Kf1 b5 29. Nd4 Bb7 30. f3 Kf8 31. Ke1 Ke7 32. Kd2 Kd7 33. Kc3 1/2-1/2

[Event "WLS-ch Minor"]
[Site "Cardiff"]
[Date "2017.04.14"]
[Round "3"]
[White "Farhadi, Mohammed"]
[Black "Chong, Kimberly"]
[Result "1/2-1/2"]
[WhiteElo "1261"]
[BlackElo "1441"]
[PlyCount "59"]
[EventDate "2017.04.14"]
[EventType "swiss"]
[EventRounds "7"]
[EventCountry "WLS"]
[SourceTitle "EXT 2022"]
[Source "ChessBase"]
[SourceDate "2021.10.06"]
[SourceVersion "1"]
[SourceVersionDate "2021.10.06"]
[SourceQuality "1"]

1. d4 d5 2. c4 e6 3. Nc3 Nf6 4. Bg5 Be7 5. Nf3 Nbd7 6. e3 0-0 7. Bd3 c5 8. 0-0 Ne4 9. Bxe7 Qxe7 10. cxd5 Nxc3 11. bxc3 exd5 12. c4 dxc4 13. Bxc4 Nb6 14. Bd3 Bg4 15. Be2 Rad8 16. Re1 Qf6 17. Ne5 Bxe2 18. Rxe2 Rfe8 19. f4 Nd5 20. Qd2 cxd4 21. exd4 Qb6 22. Rd1 f6 23. Nd7 Rxe2 24. Qxe2 Qd6 25. Nc5 Qc6 26. Qe6+ Qxe6 27. Nxe6 Rc8 28. g3 b6 29. Rd2 Re8 30. f5 1/2-1/2

[Event "Dyfed Major op 46th"]
[Site "Fishguard"]
[Date "2017.02.25"]
[Round "2"]
[White "Williams, Allan"]
[Black "Farhadi, Mohammed"]
[Result "1-0"]
[WhiteElo "1200"]
[BlackElo "1261"]
[PlyCount "103"]
[EventDate "2017.02.24"]
[EventType "swiss"]
[EventRounds "5"]
[EventCountry "WLS"]
[SourceTitle "EXT 2020"]
[Source "ChessBase"]
[SourceDate "2019.10.17"]
[SourceVersion "1"]
[SourceVersionDate "2019.10.17"]
[SourceQuality "1"]

1. d4 Nf6 2. e3 d5 3. c4 c6 4. Bd3 e6 5. Ne2 c5 6. 0-0 Nc6 7. cxd5 Nxd5 8. a3 Qf6 9. e4 Nc7 10. Bf4 e5 11. dxe5 Nxe5 12. Bxe5 Qxe5 13. Nbc3 Bd7 14. f4 Qf6 15. e5 Qb6 16. Kh1 Be7 17. Qc2 g6 18. Ng3 f5 19. exf6 Bxf6 20. Rae1+ Kf7 21. f5 g5 22. Bc4+ Kf8 23. Nge4 Kg7 24. Nd5 Nxd5 25. Bxd5 Rac8 26. Nxf6 Qxf6 27. Bxb7 Rb8 28. Bd5 Rhc8 29. b3 Bb5 30. Re6 Bxf1 31. Rxf6 Kxf6 32. Qc3+ Kxf5 33. Qf3+ Ke5 34. Qe4+ Kd6 35. Qe6+ Kc7 36. Qc6+ Kd8 37. Qd6+ Ke8 38. Bc6+ Rxc6 39. Qxc6+ Kd8 40. Qd6+ Kc8 41. Qf8+ Kb7 42. Qxf1 Kb6 43. Qf6+ Ka5 44. Qc3+ Kb6 45. b4 Kc6 46. Qxc5+ Kb7 47. Qxg5 Ka8 48. Qd5+ Rb7 49. Qg8+ Rb8 50. Qxh7 Re8 51. Qb1 Re3 52. Qc1 1-0

[Event "Dyfed Major op 46th"]
[Site "Fishguard"]
[Date "2017.02.24"]
[Round "1"]
[White "Farhadi, Mohammed"]
[Black "Neave, Guto"]
[Result "0-1"]
[WhiteElo "1261"]
[BlackElo "1515"]
[PlyCount "58"]
[EventDate "2017.02.24"]
[EventType "swiss"]
[EventRounds "5"]
[EventCountry "WLS"]
[SourceTitle "EXT 2020"]
[Source "ChessBase"]
[SourceDate "2019.10.17"]
[SourceVersion "1"]
[SourceVersionDate "2019.10.17"]
[SourceQuality "1"]

1. d4 d5 2. c4 Nf6 3. Nc3 e6 4. Bg5 Be7 5. Nf3 c5 6. e3 Nc6 7. cxd5 Nxd5 8. Bxe7 Qxe7 9. Nxd5 exd5 10. Bb5 c4 11. Ne5 Qb4+ 12. Qd2 Qxb5 13. Nxc6 Qxc6 14. 0-0 Bf5 15. Rac1 0-0 16. b3 b5 17. Rfe1 Rac8 18. Rc3 Qd6 19. f3 Rfe8 20. e4 dxe4 21. Rce3 Qc6 22. Qe2 c3 23. Qc2 exf3 24. Qxf5 Rxe3 25. Rc1 c2 26. d5 Qc5 27. Kf1 fxg2+ 28. Kxg2 Re2+ 29. Kf1 Rd2 0-1